Diseño de una reforma fiscal óptima : el caso de México /

Debido a las limitaciones de los modelos analíticos y de las teorías de la reforma fiscal para evaluar los sistemas impositivos, el autor desarrolla un modelo matemático que permite realizar con mayor eficiencia esta evaluación y lo utiliza también en el análisis de las políticas de precios del sect...

Полное описание

Сохранить в:
Библиографические подробности
Главный автор: May Kanosky, Ernesto Gregorio (autor)
Формат:
Язык:испанский
Опубликовано: México : El Colegio de México, 1985, c1985
Предметы:
Метки: Добавить метку
Нет меток, Требуется 1-ая метка записи!

MARC

LEADER 00000nam^a2200000^a^4500
001 000181722
005 20250521000000.0
009 20260310101942.693
020 |a 968-12-0306-2 
037 |a Acervo ITESO - Biblioteca 
041 |a ESP 
082 |a 336. 2050972063  |b MAY 
100 |a May Kanosky, Ernesto Gregorio  |e (autor) 
245 1 0 |a Diseño de una reforma fiscal óptima :  |b el caso de México /  |c E.G. May Kanosky. 
264 4 |a México :  |b El Colegio de México,  |c 1985, c1985 
300 |a 110 p. 
336 |a texto  |b txt  |2 rdacontenido 
337 |a sin mediación  |b n  |2 rdamedio 
338 |a volumen  |b nc  |2 rdasoporte 
520 |a Debido a las limitaciones de los modelos analíticos y de las teorías de la reforma fiscal para evaluar los sistemas impositivos, el autor desarrolla un modelo matemático que permite realizar con mayor eficiencia esta evaluación y lo utiliza también en el análisis de las políticas de precios del sector público. Dicho modelo lo aplica al caso de la economía mexicana de los ochentas. 
649 |a XX 
650 |a Impuestos al Valor Agregado -  |z México 
650 |a Impuestos -  |z México -  |x Modelos Matemáticos 
650 |a Política de Precios -  |z México 
650 |a Petróleo -  |z México -  |x Aspectos Económicos 
650 |a Reforma Económica -  |z México 
650 |a Política Fiscal -  |z México 
650 |a Política Económica -  |z México 
650 |a Modelos Matemáticos 
650 |a Economía -  |z México -  |x Historia -  |y 1980-1989 
650 |a Economía -  |z México -  |x Historia -  |y Siglo XX 
650 |a México -  |x Condiciones Económicas 
910 |a Fondo General 
920 |a Impresos - Libros 
930 |a Colección General 
905 |a 101 
901 |a 0500121530  |b IT1  |c ACC  |u 20250521 
902 |a https://opac.biblio.iteso.mx/vufind/Record/000181722